000 00533nam a22001817a 4500
005 20250407130256.0
008 250407b |||||||| |||| 00| 0 eng d
020 _a9789356408982
041 _aeng
082 _a658.408 SIN
100 _aSingh, D. B.
245 _aSustainability Through Business Innovation
260 _aNew Delhi
_bBloomsbury
_c2024
300 _a280;. pages: 24 cm
650 _aSustainability Management; Corporate Social Responsibility
700 _aPandey, Priyanka, Panth, Gargi and Other
942 _cBK
999 _c43607
_d43607